书目信息 |
| 题名: |
美国院校研究实例
|
|
| 作者: | 程星 , 周川 主编 | |
| 分册: | ||
| 出版信息: | 苏州 苏州大学出版社 2008.01 |
|
| 页数: | 406页 | |
| 开本: | 21cm | |
| 丛书名: | ||
| 单 册: | ||
| 中图分类: | G649.712 | |
| 科图分类: | ||
| 主题词: | 高等学校--gao deng xue xiao--学校管理--研究--美国 | |
| 电子资源: | ||
| ISBN: | 978-7-81137-025-6 | |
| 000 | 01070nam0 2200265 450 | |
| 001 | 012008005665 | |
| 005 | 20080901194420.04 | |
| 010 | @a978-7-81137-025-6@dCNY25.00 | |
| 100 | @a20080901d2008 em y0chiy0120 ea | |
| 101 | 0 | @achi |
| 102 | @aCN@b320000 | |
| 105 | @aak a 000yy | |
| 106 | @ar | |
| 200 | 1 | @a美国院校研究实例@Amei guo yuan xiao yan jiu shi li@d= Institutional research practices in American colleges and universities@f程星, 周川主编@Fcheng xing,zhou chuan zhu bian@zeng |
| 210 | @a苏州@c苏州大学出版社@d2008.01 | |
| 215 | @a406页@c图@d21cm | |
| 320 | @a有书目 | |
| 330 | @a本书分为三篇:第一篇-院校管理研究(如:大学本科教育质量监控指标等)、第二篇-教学事务研究(成人大学生流动数据模型分析等)、第三篇-测量与评估。 | |
| 510 | 1 | @aInstitutional research practices in American colleges and universities@zeng |
| 606 | 0 | @a高等学校@Agao deng xue xiao@x学校管理@x研究@y美国 |
| 690 | @aG649.712@v4 | |
| 701 | 0 | @a程星@Acheng xing@4主编 |
| 701 | 0 | @a周川@Azhou chuan@4主编 |
| 801 | 0 | @aCN@bQSSK@c20080901 |
| 905 | @b734537-39@dG649.712@eC772@f3 | |
| 美国院校研究实例= Institutional research practices in American colleges and universities/程星, 周川主编.-苏州:苏州大学出版社,2008.01 |
| 406页:图;21cm |
| ISBN 978-7-81137-025-6:CNY25.00 |
| 本书分为三篇:第一篇-院校管理研究(如:大学本科教育质量监控指标等)、第二篇-教学事务研究(成人大学生流动数据模型分析等)、第三篇-测量与评估。 |
| ● |
| 相关链接 |
|
|
|
正题名:美国院校研究实例
索取号:G649.712/C772
 
预约/预借
| 序号 | 登录号 | 条形码 | 馆藏地/架位号 | 状态 | 备注 |
| 1 | 734537 | 207345372 | 社科二线422/409社科库 15排4列3层/ [索取号:G649.712/C772] | 在馆 | |
| 2 | 734538 | 207345381 | 社科库409/409社科库 15排4列4层/ [索取号:G649.712/C772] | 在馆 | |
| 3 | 734539 | 207345390 | 社科库409/409社科库 15排4列3层/ [索取号:G649.712/C772] | 在馆 |